Securing the Indigenous land rights of the Nubian's residing in Kibera (Record no. 3803)

000 -LEADER
fixed length control field 00409nam a22001457a 4500
003 - CONTROL NUMBER IDENTIFIER
control field OSt
005 - DATE AND TIME OF LATEST TRANSACTION
control field 20170329102927.0
008 - FIXED-LENGTH DATA ELEMENTS--GENERAL INFORMATION
fixed length control field 170329b xxu||||| |||| 00| 0 eng d
050 ## - LIBRARY OF CONGRESS CALL NUMBER
Classification number KQC202.K57 2016
100 ## - MAIN ENTRY--PERSONAL NAME
Personal name Kiptoo, Jesse, Quincy
245 ## - TITLE STATEMENT
Title Securing the Indigenous land rights of the Nubian's residing in Kibera
Statement of responsibility, etc Quincy Jesse Kiptoo
260 ## - PUBLICATION, DISTRIBUTION, ETC. (IMPRINT)
Place of publication, distribution, etc Nairobi
Date of publication, distribution, etc 2016
300 ## - PHYSICAL DESCRIPTION
Extent 57 p
942 ## - ADDED ENTRY ELEMENTS (KOHA)
Source of classification or shelving scheme
Koha item type Research Project
Holdings
Withdrawn status Lost status Source of classification or shelving scheme Damaged status Not for loan Home library Current library Shelving location Date acquired Total Checkouts Full call number Barcode Date last seen Price effective from Koha item type
          Riara University Library Riara University Library Special Collection 29/03/2017   RUSC KQC202.K57 2016 8918/17 29/03/2017 29/03/2017 Research Project

Riara University Library,
P.O. Box 49940-00100,
Nairobi, Kenya.